| 000 | 01332nam a22002657a 4500 | ||
|---|---|---|---|
| 005 | 20080703121348.0 | ||
| 008 | 080703t xxu||||| |||| 00| 0bhin d | ||
| 010 | _aHIN-83732 | ||
| 020 |
_c75.00 _a8171452515 |
||
| 035 | _aHN-56078 | ||
| 035 | _aB-317746 | ||
| 037 | _bDBAD / PUB | ||
| 040 |
_aDPL _bHN |
||
| 082 | _a921 | ||
| 100 | _aशर्मा, राजेश | ||
| 245 |
_aदीनबन्धु सर छोटूराम / _cराजेश शर्मा |
||
| 246 |
_aDeenbandhu Sir Chhoturam _bby Rajesh Sharma |
||
| 260 |
_aदिल्ली _bसन्मार्ग प्रकाशन _c2006 |
||
| 270 |
_a16, यू.बी, बैग्लो रोड, जवाहर नगर _bदिल्ली _e110007 |
||
| 300 |
_a64पृ _c22सेमी(सजिल्द) _bसचित्र |
||
| 650 | _aHindi Biographies | ||
| 942 |
_2ddc _cHN _h921 _mशर्मारा |
||
| 999 |
_c14198 _d14198 |
||